Statistics for Name That Historic Figures #69

Click here to take the quiz!

General Stats

  • This quiz has been taken 191 times
  • The average score is 5 of 14

Answer Stats

Answer% Correct
Joseph Stalin
87%
Kanye West
85%
Henry VIII
79%
Nikola Tesla
77%
Elizabeth II
59%
Winston Churchill
47%
Neville Chamberlain
24%
Joseph Chamberlain
22%
Edward I
12%
Saladin
11%
Lloyd George
8%
Heinrich Himmler
3%
William Beveridge
3%
William Wallace
2%

Score Distribution

Percentile by Number Answered

Percent of People with Each Score

Your Score History

You have not taken this quiz